00506nam a2200193 a 4500001001300000003000900013005001700022008004100039020001000080082001600090100002000106245004800126260004400174300000900218500003500227505001000262650002000272700002000292nice12345678IN_TiNIC20260116011455.0050524s1918 cala grp 000 0 eng  ac10000a491.55bMUH aMuhammad, A A K aPersian Grammar, Etymology, Syntax, Prosody aCalcuttabNoor Library Publishersc1918 a312p aincludes index and biblioraphy2 aindex aPersian Grammar1 aMuhammad, A A K